5HLuxD.jpg

KING HENRY VIII SENIOR AND PRIMARY SCHOOL LIBRARY OPAC

The stolen heir / (Record no. 6002)

000 -LEADER
fixed length control field 01149cam a2200325 a 4500
001 - CONTROL NUMBER
control field 2545348
003 - CONTROL NUMBER IDENTIFIER
control field OSt
005 - DATE AND TIME OF LATEST TRANSACTION
control field 20260126104518.0
008 - FIXED-LENGTH DATA ELEMENTS--GENERAL INFORMATION
fixed length control field 250911s2024 enkb d 000 1 eng d
020 ## - INTERNATIONAL STANDARD BOOK NUMBER
International Standard Book Number 9781471411366
Qualifying information (pbk.)
040 ## - CATALOGING SOURCE
Original cataloging agency JJ
Language of cataloging eng
Modifying agency 桃市圖
Description conventions CCR
Transcribing agency KH8
041 0# - LANGUAGE CODE
Language code of text/sound track or separate title eng
042 ## - AUTHENTICATION CODE
Authentication code nbic
082 ## - DEWEY DECIMAL CLASSIFICATION NUMBER
Classification number FIC BLA
100 1# - MAIN ENTRY--PERSONAL NAME
Personal name Black, Holly,
Relator term author.
245 14 - TITLE STATEMENT
Title The stolen heir /
Statement of responsibility, etc. Holly Black.
260 ## - PUBLICATION, DISTRIBUTION, ETC.
Place of publication, distribution, etc. London :
Name of publisher, distributor, etc. Hot Key Books,
Date of publication, distribution, etc. 2024.
300 ## - PHYSICAL DESCRIPTION
Extent 356 p. :
Other physical details map ;
Dimensions 20 cm.
490 1# - SERIES STATEMENT
Series statement The folk of the air series.
500 ## - GENERAL NOTE
General note Originally published: 2023.
520 ## - SUMMARY, ETC.
Summary, etc. Author Holly Black returns to the opulent world of Elfhame in the first book in a duology, following Jude's brother Oak, and the changeling queen, Suren. A reluctant prince. A runaway queen. And a quest that may destroy them both.
521 ## - TARGET AUDIENCE NOTE
Target audience note Lexile HL780L.
650 #0 - SUBJECT ADDED ENTRY--TOPICAL TERM
Topical term or geographic name entry element Fairies
Form subdivision Juvenile fiction.
650 #0 - SUBJECT ADDED ENTRY--TOPICAL TERM
Topical term or geographic name entry element Revenge
Form subdivision Juvenile fiction.
650 #0 - SUBJECT ADDED ENTRY--TOPICAL TERM
Topical term or geographic name entry element Kings and rulers
Form subdivision Juvenile fiction.
650 #0 - SUBJECT ADDED ENTRY--TOPICAL TERM
Topical term or geographic name entry element Marriage
Form subdivision Juvenile fiction.
650 #0 - SUBJECT ADDED ENTRY--TOPICAL TERM
Topical term or geographic name entry element Queens
Form subdivision Juvenile fiction.
830 #0 - SERIES ADDED ENTRY--UNIFORM TITLE
Uniform title Folk of the air series.
942 ## - ADDED ENTRY ELEMENTS (KOHA)
Source of classification or shelving scheme
Koha item type Books - Fiction
Holdings
Withdrawn status Lost status Source of classification or shelving scheme Damaged status Not for loan Collection code Permanent Location Current Location Shelving location Date acquired Full call number Barcode Date last seen Price effective from Koha item type
          Fiction KH8 Senior School Library KH8 Senior School Library Fiction 2026-01-26 FIC BLA 3KHSL000102572 2026-01-26 2026-01-26 Books - Fiction

Powered By KH8 IT Dept